| 000 | 00677nam a2200193 a 4500 | ||
|---|---|---|---|
| 001 | 000034476 | ||
| 005 | 20200930073724.0 | ||
| 008 | 140304s2010 dr 000 0 spa d | ||
| 020 | _a9789945416350 | ||
| 040 |
_aDO-SdBNP _bspa _cBNPHU |
||
| 100 | 1 |
_aRama, Claudio _935101 |
|
| 245 | 1 | 4 |
_aLos postgrados de América Latina en la sociedad del conocimiento / _cClaudio Rama. |
| 260 |
_aSanto Domingo, : _bUNICARIBE, _c2010 _fSomos Artes Gráficas |
||
| 300 |
_a266 p. ; _c25 cm. |
||
| 504 | _aBibliografía p: 261-264 | ||
| 500 | _aIncluye notas a pie de páginas | ||
| 500 | _aIncluye datos biografícos del autor en la contraportada | ||
| 710 | 1 | 2 |
_aUniversidad del Caribe _918787 |
| 999 |
_c33967 _d33967 |
||